| 000 | 00748nam a22002057a 4500 | ||
|---|---|---|---|
| 005 | 20100816103514.0 | ||
| 010 | _aENG-100557 | ||
| 020 |
_a9788190749039 _c100.00 |
||
| 035 | _aEN-84090 | ||
| 037 | _bDBAD/PUB | ||
| 082 | _a325.095431 | ||
| 100 |
_aMurugavalli, S. _914316 |
||
| 245 |
_aRefugees problems in Tamil Nadu / _bby S. Murugavalli |
||
| 260 |
_aChennai _bAndril Pathippagam _c2007 |
||
| 270 |
_a192mJagajeevan Ram Salai,Chepauk _bChennai _e600005 |
||
| 300 | x |
_a160p. _c23cm (pbk) |
|
| 500 | _aIncludes bibliographical references | ||
| 942 |
_2ddc _cEN _h325.095431 _mMUR |
||
| 999 |
_c42052 _d42052 |
||